| 000 | 00327nam a22001217a 4500 | ||
|---|---|---|---|
| 008 | 140202b xxu||||| |||| 00| 0 eng d | ||
| 100 |
_9188 _a Deakin, Gre |
||
| 245 |
_aPractice test for IELTS _c/ Gre Deakin |
||
| 260 |
_bI.A.L.F., _cc2002. _aMelbourne: |
||
| 300 | _a100p | ||
| 650 | 0 |
_956 _aEnglish _xGrammar study |
|
| 942 |
_2ddc _cBK |
||
| 999 |
_c133 _d133 |
||